[Event "Robecchetto op 32nd"]
[Site "Robecchetto"]
[Date "2019.12.27"]
[Round "2"]
[White "Guidi, Maurizio"]
[Black "Giretti Kanev, Jasen"]
[Result "0-1"]
[WhiteElo "2051"]
[BlackElo "2207"]
[PlyCount "123"]
[EventDate "2019.12.26"]
[EventType "swiss"]
[EventRounds "6"]
[EventCountry "ITA"]
[SourceTitle "CBM 194 Extra"]
[Source "ChessBase"]
[SourceDate "2020.03.31"]
[SourceVersion "1"]
[SourceVersionDate "2020.03.31"]
[SourceQuality "1"]

1. Nf3 Nf6 2. e3 b6 3. g3 Bb7 4. Bg2 e5 5. 0-0 e4 6. Nd4 c5 7. Ne2 Nc6 8. d4 d5 9. b3 Bd6 10. Bb2 0-0 11. Nd2 Re8 12. a3 Rc8 13. c4 cxd4 14. Nxd4 Ne5 15. Nb5 Bb8 16. cxd5 a6 17. Nd4 Bxd5 18. Rb1 b5 19. b4 Nd3 20. Ba1 Ba2 21. Nxe4 Nxe4 22. Qxd3 Bc4 23. Qd1 Bxf1 24. Bxf1 Nc3 25. Bxc3 Rxc3 26. a4 Be5 27. axb5 Bxd4 28. Qxd4 Qxd4 29. exd4 axb5 30. Bxb5 Rd8 31. Bf1 Rc7 32. b5 Rb7 33. Bg2 Rb6 34. Bc6 Rxd4 35. Kg2 g6 36. Kf3 Kg7 37. Ke3 Rd6 38. Rc1 Kf6 39. Ra1 h6 40. h4 h5 41. Ra7 Ke6 42. Ra8 Kf5 43. Rf8 Ke6 44. Ra8 Ke5 45. Re8+ Re6 46. Rd8 Rd6 47. Rc8 Ke6 48. Rf8 Ke7 49. Re8+ Kf6 50. Rf8 Ke6 51. Re8+ Kf5 52. Rf8 Kf6 53. Ra8 Rd1 54. Ke4 Rd2 55. Ke3 Rb2 56. Re8 Rb1 57. Kd4 Rc1 58. Ra8 Rc2 59. Re8 Rc1 60. Kd5 Rc3 61. Kd6 Kf5 62. Re5+ 0-1

[Event "Robecchetto op 32nd"]
[Site "Robecchetto"]
[Date "2019.12.26"]
[Round "1"]
[White "Giretti Kanev, Jasen"]
[Black "Leto Priolo, Andrea Edoardo"]
[Result "1-0"]
[WhiteElo "2207"]
[BlackElo "1966"]
[PlyCount "113"]
[EventDate "2019.12.26"]
[EventType "swiss"]
[EventRounds "6"]
[EventCountry "ITA"]
[SourceTitle "CBM 194 Extra"]
[Source "ChessBase"]
[SourceDate "2020.03.31"]
[SourceVersion "1"]
[SourceVersionDate "2020.03.31"]
[SourceQuality "1"]

1. c4 Nf6 2. Nc3 g6 3. e4 d6 4. d4 Bg7 5. f4 0-0 6. Nf3 c5 7. d5 e6 8. Bd3 exd5 9. cxd5 b5 10. Bxb5 Nxe4 11. Nxe4 Qa5+ 12. Nc3 Bxc3+ 13. bxc3 Qxb5 14. Kf2 Qc4 15. Qb3 Ba6 16. f5 Qe4 17. Bh6 Rc8 18. Rhe1 Qxf5 19. Re7 Nd7 20. Kg1 Ne5 21. Nxe5 dxe5 22. Re1 Re8 23. d6 Rxe7 24. dxe7 Qd7 25. Rxe5 Re8 26. Qd5 Qb5 27. h3 Bb7 28. Qd2 Qc6 29. Qf2 f6 30. Rxc5 Qd6 31. Bf8 Qd1+ 32. Qf1 Qxf1+ 33. Kxf1 Kf7 34. Rc7 Ba6+ 35. Kf2 Ra8 36. Ke3 Bb5 37. c4 Be8 38. Kd4 f5 39. Ke5 a5 40. c5 Ra6 41. Kd5 a4 42. c6 Rb6 43. Kc5 Rb2 44. Rc8 Rxa2 45. c7 Rc2+ 46. Kb4 a3 47. Ra8 a2 48. Rxa2 Rxa2 49. c8Q Rb2+ 50. Ka5 Rb5+ 51. Ka6 Re5 52. Qc4+ Re6+ 53. Kb7 Bc6+ 54. Kc7 Bxg2 55. Kd7 Bc6+ 56. Qxc6 Rxc6 57. e8Q+ 1-0

[Event "Mortara Weekend 5th"]
[Site "Mortara"]
[Date "2015.09.18"]
[Round "2"]
[White "Giretti Kanev, Jasen"]
[Black "Brugo, Marco"]
[Result "0-1"]
[WhiteElo "2211"]
[BlackElo "2114"]
[PlyCount "96"]
[EventDate "2015.09.18"]
[EventType "swiss"]
[EventRounds "5"]
[EventCountry "ITA"]
[SourceTitle "EXT 2024"]
[Source "ChessBase"]
[SourceDate "2023.10.10"]
[SourceVersion "1"]
[SourceVersionDate "2023.10.10"]
[SourceQuality "1"]

1. e4 e6 2. Qe2 c5 3. Nf3 Nc6 4. g3 g6 5. Bg2 Bg7 6. d3 d6 7. 0-0 Nge7 8. Nbd2 0-0 9. Re1 b5 10. Nf1 Rb8 11. h4 h6 12. Ne3 f5 13. c3 e5 14. h5 f4 15. Nf1 g5 16. N3h2 Be6 17. Bf3 b4 18. Bg4 Qd7 19. Bxe6+ Qxe6 20. Qg4 Qf7 21. Qf3 Rb6 22. Nd2 bxc3 23. bxc3 Na5 24. g4 Rfb8 25. Qd1 d5 26. Qa4 Nec6 27. Ba3 Bf8 28. exd5 Qxd5 29. Qe4 Qxe4 30. Rxe4 Rd8 31. Nc4 Nxc4 32. dxc4 Rd3 33. Rae1 Ra6 34. Bc1 Rxa2 35. Nf1 Rxc3 36. Bd2 Rcc2 37. Rd1 Nd4 38. Kg2 Bd6 39. Be1 Rxc4 40. Nd2 Rcc2 41. Nb1 c4 42. Nc3 Ra3 43. Nb1 Rd3 44. Rxd3 cxd3 45. Nd2 Bb4 46. Nb3 Bxe1 47. Nxd4 Rxf2+ 48. Kg1 d2 0-1

[Event "Mortara Weekend 5th"]
[Site "Mortara"]
[Date "2015.09.18"]
[Round "4"]
[White "Giretti Kanev, Jasen"]
[Black "Robbio, Pietro"]
[Result "1-0"]
[WhiteElo "2211"]
[BlackElo "1800"]
[PlyCount "33"]
[EventDate "2015.09.18"]
[EventType "swiss"]
[EventRounds "5"]
[EventCountry "ITA"]
[SourceTitle "EXT 2024"]
[Source "ChessBase"]
[SourceDate "2023.10.10"]
[SourceVersion "1"]
[SourceVersionDate "2023.10.10"]
[SourceQuality "1"]

1. c4 Nf6 2. Nc3 e6 3. e4 d5 4. e5 Ng8 5. Nf3 Ne7 6. d4 Ng6 7. h4 Be7 8. h5 Nf8 9. Rh3 c6 10. Rg3 g6 11. Ng5 Bxg5 12. Bxg5 Qb6 13. Qa4 Qxd4 14. Bf6 Rg8 15. Qa3 c5 16. Nb5 Qe4+ 17. Re3 1-0

[Event "Crema op 16th"]
[Site "Crema"]
[Date "2015.09.05"]
[Round "4"]
[White "Giretti Kanev, Jasen"]
[Black "Pinna, Ferdinando"]
[Result "1-0"]
[WhiteElo "2211"]
[BlackElo "1862"]
[PlyCount "87"]
[EventDate "2015.09.04"]
[EventType "swiss"]
[EventRounds "6"]
[EventCountry "ITA"]
[SourceTitle "EXT 2024"]
[Source "ChessBase"]
[SourceDate "2023.10.10"]
[SourceVersion "1"]
[SourceVersionDate "2023.10.10"]
[SourceQuality "1"]

1. d4 Nf6 2. Nf3 g6 3. Bg5 Ne4 4. Bf4 Bg7 5. Nbd2 d5 6. e3 Nd7 7. c4 Nef6 8. Qb3 c6 9. Bd3 0-0 10. 0-0 b6 11. Rac1 Bb7 12. c5 Nh5 13. Bg5 h6 14. Bh4 g5 15. Bg3 Nxg3 16. fxg3 g4 17. Nh4 e6 18. Bb1 Qg5 19. Qd3 f5 20. e4 bxc5 21. dxc5 Nxc5 22. Rxc5 fxe4 23. Nxe4 dxe4 24. Rxg5 exd3 25. Rg6 Ba6 26. Rd1 Rad8 27. Rxg4 Rde8 28. Nf3 e5 29. Bxd3 Bxd3 30. Rxd3 Re7 31. Re4 Rfe8 32. Rd6 Re6 33. Rd7 R6e7 34. Rxe7 Rxe7 35. Kf2 Kf7 36. h3 Ke6 37. Ke3 Kd5 38. Nh4 Bf6 39. Nf5 Bg5+ 40. Kd3 Rb7 41. b3 a6 42. h4 Bd2 43. g4 Bc1 44. Rc4 1-0

[Event "Biella op"]
[Site "Biella"]
[Date "2014.09.27"]
[Round "3"]
[White "Yao, Stefano"]
[Black "Giretti Kanev, Jasen"]
[Result "1-0"]
[WhiteElo "2133"]
[BlackElo "2166"]
[PlyCount "75"]
[EventDate "2014.09.26"]
[EventType "swiss"]
[EventRounds "5"]
[EventCountry "ITA"]
[SourceTitle "EXT 2016"]
[Source "ChessBase"]
[SourceDate "2015.10.08"]
[SourceVersion "1"]
[SourceVersionDate "2015.10.08"]
[SourceQuality "1"]

1. d4 Nf6 2. Nf3 b6 3. c4 e6 4. a3 Bb7 5. Nc3 Be7 6. d5 0-0 7. e4 exd5 8. cxd5 Re8 9. Bd3 Ba6 10. Bxa6 Nxa6 11. 0-0 Bd6 12. Re1 Ng4 13. h3 Ne5 14. Nd4 Ng6 15. Nf5 Be5 16. Ne2 Nh4 17. Nfg3 Qe7 18. f4 Bd6 19. b4 f6 20. Nd4 Qf8 21. Qg4 Ng6 22. Ndf5 c5 23. b5 Nc7 24. Nh5 Nxd5 25. Rd1 Rxe4 26. Rxd5 Be5 27. Rb1 Qf7 28. Qd1 Bd4+ 29. Rxd4 cxd4 30. Nd6 Qa2 31. Rb2 Qe6 32. Nxe4 Qxe4 33. Re2 Qb1 34. Re1 Rc8 35. Qxd4 Rxc1 36. Qd5+ Kf8 37. Qa8+ Kf7 38. Qe8# 1-0

[Event "Varna op-B 8th"]
[Site "Varna"]
[Date "2014.06.26"]
[Round "8"]
[White "Giretti Kanev, Jasen"]
[Black "Kazakov, Danail"]
[Result "1-0"]
[WhiteElo "2193"]
[BlackElo "1875"]
[PlyCount "49"]
[EventDate "2014.06.19"]
[EventType "swiss"]
[EventRounds "9"]
[EventCountry "BUL"]
[SourceTitle "CBM 161 Extra"]
[Source "ChessBase"]
[SourceDate "2014.08.29"]
[SourceVersion "1"]
[SourceVersionDate "2014.08.29"]
[SourceQuality "1"]

1. Nf3 Nf6 2. c4 c6 3. e3 g6 4. b3 Bg7 5. Bb2 d6 6. d4 0-0 7. Be2 d5 8. Nbd2 h6 9. 0-0 Re8 10. Ne5 Bf5 11. g4 Be6 12. f4 Qc8 13. h3 Nh7 14. Rc1 Bxe5 15. dxe5 f5 16. cxd5 Bxd5 17. e4 Be6 18. exf5 gxf5 19. Rc3 Rd8 20. Rg3 Kf8 21. gxf5 Bg8 22. Qc2 Qd7 23. f6 Qxd2 24. Rxg8+ Kf7 25. Bc4+ 1-0

[Event "Plovdiv Tringov Memorial 36th"]
[Site "Plovdiv"]
[Date "2014.02.09"]
[Round "9"]
[White "Giretti Kanev, Jasen"]
[Black "Abramovic, Bosko"]
[Result "0-1"]
[WhiteElo "2170"]
[BlackElo "2436"]
[PlyCount "97"]
[EventDate "2014.02.02"]
[EventType "swiss"]
[EventRounds "9"]
[EventCountry "BUL"]
[SourceTitle "CBM 158 Extra"]
[Source "ChessBase"]
[SourceDate "2014.02.28"]
[SourceVersion "1"]
[SourceVersionDate "2014.02.28"]
[SourceQuality "1"]

1. d4 Nf6 2. c4 d6 3. Nc3 g6 4. e4 Bg7 5. Be2 0-0 6. Nf3 c5 7. d5 e5 8. dxe6 Bxe6 9. 0-0 Nc6 10. Bf4 Qa5 11. Qd2 Rad8 12. Rad1 Rd7 13. Bg5 Re8 14. h3 Qa6 15. b3 Qa5 16. Rfe1 h6 17. Bxf6 Bxf6 18. Nd5 Bg7 19. Qxa5 Nxa5 20. Bf1 Nc6 21. a3 Kf8 22. b4 cxb4 23. axb4 Rc8 24. Rb1 b6 25. Rec1 Rdd8 26. Nf4 Bd7 27. Rd1 Be8 28. Nd5 Rb8 29. Nc7 Rbc8 30. Nb5 Ke7 31. Nfd4 Nxd4 32. Nxd4 a5 33. Nb5 Bxb5 34. cxb5 a4 35. Rd3 Rc3 36. Rxc3 Bxc3 37. Bc4 Rc8 38. Bd5 Be5 39. Kf1 Rc2 40. Re1 Bc3 41. Rb1 Bd4 42. f3 a3 43. Rd1 Bc3 44. Rd3 Bxb4 45. Rd4 Rb2 46. g3 f5 47. exf5 gxf5 48. g4 Kf6 49. f4 0-1

[Event "Plovdiv Tringov Memorial 36th"]
[Site "Plovdiv"]
[Date "2014.02.08"]
[Round "8"]
[White "Nikolov, Sasho"]
[Black "Giretti Kanev, Jasen"]
[Result "0-1"]
[WhiteElo "2365"]
[BlackElo "2170"]
[PlyCount "36"]
[EventDate "2014.02.02"]
[EventType "swiss"]
[EventRounds "9"]
[EventCountry "BUL"]
[SourceTitle "CBM 158 Extra"]
[Source "ChessBase"]
[SourceDate "2014.02.28"]
[SourceVersion "1"]
[SourceVersionDate "2014.02.28"]
[SourceQuality "1"]

1. e4 c6 2. d4 d5 3. e5 Bf5 4. Nf3 e6 5. Be2 Ne7 6. 0-0 Ng6 7. b3 Nd7 8. c4 Be7 9. Nc3 0-0 10. h3 f6 11. exf6 Bxf6 12. Re1 Nh4 13. Ba3 c5 14. cxd5 Nxf3+ 15. Bxf3 Bxd4 16. Rc1 Qh4 17. Qe2 Ne5 18. Be4 Bg4 0-1

[Event "Crema op 14th"]
[Site "Crema"]
[Date "2012.09.02"]
[Round "6"]
[White "Giretti Kanev, Jasen"]
[Black "Ventura, Franco"]
[Result "1-0"]
[WhiteElo "2189"]
[BlackElo "2091"]
[PlyCount "83"]
[EventDate "2012.08.31"]
[EventType "swiss"]
[EventRounds "6"]
[EventCountry "ITA"]
[SourceTitle "EXT 2014"]
[Source "ChessBase"]
[SourceDate "2013.11.20"]
[SourceVersion "1"]
[SourceVersionDate "2013.11.20"]
[SourceQuality "1"]

1. d4 Nf6 2. Nf3 g6 3. Bf4 d6 4. e3 Bg7 5. Nbd2 0-0 6. h3 b6 7. Bc4 Bb7 8. Qe2 c5 9. c3 a6 10. a4 h6 11. 0-0 Nbd7 12. Rfe1 Re8 13. Rad1 Qc8 14. Ba2 Bc6 15. e4 e5 16. dxe5 dxe5 17. Bg3 b5 18. Nh4 Nf8 19. Qe3 Bb7 20. f3 Nh5 21. Bf2 c4 22. b3 Ne6 23. bxc4 bxa4 24. c5 Bf8 25. Nc4 Bxc5 26. Qxh6 Bxf2+ 27. Kxf2 Qc5+ 28. Re3 Nhg7 29. Nd6 Re7 30. Nxf7 Rxf7 31. Qxg6 Qe7 32. Nf5 Qf6 33. Nh6+ Kf8 34. Nxf7 Qxf7 35. Qxf7+ Kxf7 36. Rd7+ Kf6 37. Rxb7 Rd8 38. Rb6 Rd2+ 39. Re2 Rd3 40. Rxa6 Rxc3 41. Bxe6 Nxe6 42. Rb2 1-0

[Event "Codogno op 3rd"]
[Site "Codogno"]
[Date "2011.10.15"]
[Round "4"]
[White "Giretti Kanev, Jasen"]
[Black "Mrdja, Milan"]
[Result "0-1"]
[WhiteElo "2205"]
[BlackElo "2402"]
[PlyCount "88"]
[EventDate "2011.10.14"]
[EventType "swiss"]
[EventRounds "5"]
[EventCountry "ITA"]
[SourceTitle "CBM 144 Extra"]
[Source "ChessBase"]
[SourceDate "2011.10.28"]
[SourceVersion "1"]
[SourceVersionDate "2011.10.28"]
[SourceQuality "1"]

1. Nf3 g6 2. d4 Bg7 3. e4 d6 4. Be3 Nf6 5. Nc3 0-0 6. Be2 c6 7. h3 b5 8. a3 Bb7 9. 0-0 a6 10. e5 Ne8 11. Qd2 dxe5 12. Nxe5 c5 13. Rad1 cxd4 14. Bxd4 Nd6 15. Ng4 Nd7 16. Bxg7 Kxg7 17. Qd4+ f6 18. a4 bxa4 19. Nxa4 Qc7 20. Nc3 Nb6 21. Rfe1 Nf5 22. Qb4 a5 23. Qa3 e5 24. Bd3 Nd4 25. Nb5 Qc6 26. Be4 Qxb5 27. Bxb7 Nxc2 28. Qe7+ Rf7 29. Qe6 Re8 30. Qc6 Qxc6 31. Bxc6 Rc8 32. Bb5 Nxe1 33. Rxe1 Rc5 34. Bf1 Nd5 35. Rd1 h5 36. Nh2 Rb7 37. Rd2 e4 38. g3 f5 39. h4 Kf6 40. Be2 Ke5 41. f3 Rc1+ 42. Kg2 Rb1 43. f4+ Kd6 44. b3 R7xb3 0-1

[Event "Codogno op 3rd"]
[Site "Codogno"]
[Date "2011.10.14"]
[Round "1"]
[White "Murli, Almerico"]
[Black "Giretti Kanev, Jasen"]
[Result "0-1"]
[WhiteElo "1805"]
[BlackElo "2205"]
[PlyCount "134"]
[EventDate "2011.10.14"]
[EventType "swiss"]
[EventRounds "5"]
[EventCountry "ITA"]
[SourceTitle "CBM 144 Extra"]
[Source "ChessBase"]
[SourceDate "2011.10.28"]
[SourceVersion "1"]
[SourceVersionDate "2011.10.28"]
[SourceQuality "1"]

1. e4 e6 2. d4 d5 3. Nd2 dxe4 4. Nxe4 Nf6 5. Bg5 Be7 6. Nxf6+ gxf6 7. Be3 b6 8. Bb5+ c6 9. Be2 Ba6 10. Nf3 Qd5 11. 0-0 Rg8 12. Bxa6 Nxa6 13. Qe2 Bd6 14. Ne1 Nc7 15. c4 Qe4 16. Qf3 f5 17. Qxe4 fxe4 18. g3 0-0-0 19. Ng2 Ne8 20. f3 exf3 21. Rxf3 Rd7 22. Rd1 Ng7 23. Bf2 h5 24. Rfd3 Nf5 25. Kh1 Be7 26. Ne3 Nd6 27. b3 Ne4 28. Be1 h4 29. Nf1 f5 30. gxh4 Bb4 31. Rf3 Bxe1 32. Rxe1 Rxd4 33. Ng3 Nd2 34. Rf2 f4 35. Nf1 Nxf1 36. Rexf1 e5 37. Re1 Kc7 38. Rfe2 f3 39. Rxe5 f2 40. Rf1 Rdg4 41. Rg5 R4xg5 42. hxg5 Rxg5 43. Rxf2 Kd6 44. h3 a5 45. Kh2 a4 46. h4 Rg6 47. Kh3 axb3 48. axb3 b5 49. cxb5 cxb5 50. b4 Ke5 51. Rg2 Rc6 52. h5 Kf4 53. Rg4+ Kf5 54. Rg3 Rc4 55. h6 Rc6 56. Kg2 Rxh6 57. Rc3 Re6 58. Rc5+ Re5 59. Rc8 Ke4 60. Kf2 Kd4 61. Kf3 Re3+ 62. Kf4 Rb3 63. Rc7 Rxb4 64. Kf3 Rc4 65. Rb7 b4 66. Ke2 Kc3 67. Kd1 Kb2 0-1